000
00218 a2200097 4500
001
45872
100
_a
Unsworth W
245
_a
The book of rock climbing
260
_a
London
_b
Arthur barker
_c
090
_c
28971
_d
28971
942
_a
NUST-CAE
_c
M
_c
21081
999
_c
280945
_d
280945